| 000 | 01117nam a2200217Ia 4500 | ||
|---|---|---|---|
| 003 | Ost | ||
| 005 | 20260507075654.0 | ||
| 008 | 260507s9999||||xx |||||||||||||| ||und|| | ||
| 020 | _a30329957 | ||
| 040 | _cfsecg | ||
| 041 | _aara | ||
| 082 | _a330.121 | ||
| 100 |
_aعبده، موفق محمد _eمؤلف |
||
| 245 | 0 |
_aالموارد المالية العامة في الفقه الإقتصادي الإسلامي ودورها في التنمية الإقتصادية / _c موفق محمد عبده |
|
| 260 |
_aعمان: _bدار الحامد للنشر والتوزيع, _c2004 |
||
| 300 |
_a284 صفحة؛ _bإيضاحات ؛ _c24 سم |
||
| 520 | _aالموارد المالية العامة الشرعية في الفقه الإقتصادي الإسلامي ودورها في التنمية الإقتصادية- الموارد المالية الإجتهادية في الفقه الإقتصاد الإسلامي. | ||
| 653 | _aالإقتصاد الإسلامي- التنمية الإقتصادية | ||
| 653 | _aالإقتصاد الإسلامي- الموارد المالية | ||
| 942 | _cكتاب | ||
| 999 |
_c45654 _d45654 |
||